[Event "RUS-ch U20"]
[Site "Ekaterinburg"]
[Date "2024.04.07"]
[Round "1"]
[White "Maneluk, Daniil"]
[Black "Khubukshanov, Erdem"]
[Result "1-0"]
[WhiteElo "2267"]
[BlackElo "2381"]
[PlyCount "99"]
[EventDate "2024.04.07"]
[EventType "tourn"]
[EventRounds "9"]
[EventCountry "RUS"]
[EventCategory "7"]
[SourceTitle "CB16_2024"]
[SourceDate "2024.04.17"]
[SourceVersion "1"]
[SourceVersionDate "2024.04.17"]
[SourceQuality "1"]

1. e4 c5 2. Nf3 d6 3. Bb5+ Bd7 4. Bxd7+ Qxd7 5. 0-0 Nc6 6. c3 d5 7. e5 d4 8. d3 e6 9. c4 Nge7 10. Bf4 Ng6 11. Bg3 f5 12. exf6 gxf6 13. Nbd2 Be7 14. Qe2 e5 15. Nh4 0-0-0 16. Qh5 Nxh4 17. Bxh4 Rdg8 18. Ne4 Rg6 19. f4 Rhg8 20. Ng3 Bf8 21. fxe5 Nxe5 22. Rxf6 Rxf6 23. Bxf6 Nxd3 24. Rf1 Bd6 25. Nf5 Nxb2 26. Nxd6+ Qxd6 27. Qf5+ Qd7 28. Qxc5+ Qc6 29. Qxc6+ bxc6 30. Bxd4 Nxc4 31. Rc1 Na5 32. Bxa7 Rg4 33. Bc5 Ra4 34. Rc2 Nc4 35. a3 Kd7 36. Re2 Ra5 37. Bb4 Rh5 38. Re7+ Kd8 39. Re4 Nb6 40. h4 Rb5 41. Re6 Nd5 42. Bd2 Kd7 43. Rh6 c5 44. Rxh7+ Ke6 45. Rh6+ Kf5 46. Rc6 Ne7 47. Rd6 Kg4 48. Re6 Nd5 49. Re5 Nb6 50. Rg5+ 1-0

[Event "Titled Tuesday intern op 06th Feb Early"]
[Site "Chess.com INT"]
[Date "2024.02.06"]
[Round "3"]
[White "Suyarov, Mukhammadzokhid"]
[Black "Maneluk, Daniil"]
[Result "1-0"]
[WhiteElo "2407"]
[BlackElo "2256"]
[PlyCount "71"]
[EventDate "2024.02.06"]
[EventType "swiss (blitz)"]
[EventRounds "11"]
[EventCountry "USA"]
[SourceTitle "CB07_2024"]
[SourceDate "2024.02.14"]
[SourceVersion "1"]
[SourceVersionDate "2024.02.14"]
[SourceQuality "1"]

1. e4 e6 2. d4 d5 3. Nc3 Nf6 4. e5 Nfd7 5. Nce2 c5 6. c3 Nc6 7. Nf3 h6 8. h4 Be7 9. a3 Qb6 10. Nf4 Nf8 11. Bd3 Bd7 12. 0-0 c4 13. Bc2 0-0-0 14. b3 cxb3 15. Bxb3 Na5 16. Bc2 Kb8 17. Rb1 Qc6 18. Bd3 g5 19. Nh5 gxh4 20. Ne1 Nh7 21. Bxh6 Ng5 22. Bg7 Rhg8 23. Bf6 Bxf6 24. Nxf6 Rg7 25. Qh5 Nh3+ 26. Kh1 Nf4 27. Qh6 Nxd3 28. Qxg7 Nf4 29. Qxf7 Bc8 30. Nf3 h3 31. g3 Qxc3 32. Ng1 Ne2 33. Kh2 Nxd4 34. Rbc1 Qd3 35. Qc7+ Ka8 36. Qxc8+ 1-0

[Event "RUS-ch Rapid"]
[Site "Sochi"]
[Date "2023.10.16"]
[Round "11"]
[White "Maneluk, Daniil"]
[Black "Khubukshanov, Erdem"]
[Result "0-1"]
[WhiteElo "2314"]
[BlackElo "2377"]
[PlyCount "136"]
[EventDate "2023.10.15"]
[EventType "swiss (rapid)"]
[EventRounds "11"]
[EventCountry "RUS"]
[SourceTitle "Mega2024 Update 01"]
[Source "Chessbase"]
[SourceDate "2023.11.12"]
[SourceVersion "1"]
[SourceVersionDate "2023.11.12"]
[SourceQuality "1"]

1. e4 c5 2. Nf3 d6 3. Bb5+ Nd7 4. 0-0 a6 5. Bd3 Ngf6 6. c3 b5 7. Bc2 Bb7 8. Re1 c4 9. b4 a5 10. bxa5 Qxa5 11. Ba3 Qc7 12. Nd4 e5 13. Nf5 g6 14. Ng3 Be7 15. d4 cxd3 16. Qxd3 0-0 17. Bb4 Nc5 18. Qe2 Bc6 19. Nd2 Na6 20. a3 Bd7 21. Bb3 Kg7 22. Red1 h5 23. h3 Rfc8 24. Ngf1 Nxb4 25. cxb4 Qc3 26. Ne3 Bd8 27. Ra2 Qc7 28. Nd5 Nxd5 29. Bxd5 Ra6 30. Nb3 Qa7 31. Rda1 Bb6 32. Kh2 Rc7 33. Qf3 Be8 34. g4 hxg4 35. hxg4 Qb8 36. Kg2 Qd8 37. Rh1 Qg5 38. Qh3 Kf8 39. Qf3 Ke7 40. Nd2 Bd4 41. Rh7 Kd8 42. Rh8 Raa7 43. Qe2 Rc3 44. Nb3 Ke7 45. Nxd4 exd4 46. Rh3 Rac7 47. Rd2 Bd7 48. f3 d3 49. Qf2 Qxd2 50. Qxd2 Rc2 51. Qf2 Rxf2+ 52. Kxf2 Rc3 53. Rh1 Rxa3 54. Rd1 Be6 55. Bxe6 Kxe6 56. Ke3 g5 57. f4 d2+ 58. Kd4 gxf4 59. Rxd2 Rb3 60. Rh2 Rxb4+ 61. Kd3 Rb3+ 62. Kd4 Rg3 63. Rh6+ f6 64. Rh5 b4 65. Rb5 b3 66. Rb7 Rh3 67. Kc4 f3 68. Rxb3 f2 0-1

[Event "RUS-ch Rapid"]
[Site "Sochi"]
[Date "2023.10.16"]
[Round "7"]
[White "Maneluk, Daniil"]
[Black "Zvjaginsev, Vadim"]
[Result "1-0"]
[WhiteElo "2314"]
[BlackElo "2572"]
[PlyCount "77"]
[EventDate "2023.10.15"]
[EventType "swiss (rapid)"]
[EventRounds "11"]
[EventCountry "RUS"]
[SourceTitle "Mega2024 Update 01"]
[Source "Chessbase"]
[SourceDate "2023.11.12"]
[SourceVersion "1"]
[SourceVersionDate "2023.11.12"]
[SourceQuality "1"]

1. e4 c5 2. Nf3 Nc6 3. Bb5 Nf6 4. Nc3 Qc7 5. 0-0 e5 6. d3 d6 7. a4 Be7 8. h3 0-0 9. Bg5 Na5 10. Bc4 Nxc4 11. dxc4 Be6 12. Bxf6 Bxf6 13. b3 Qc6 14. Qd2 Bd8 15. a5 f5 16. Ng5 Bxg5 17. Qxg5 f4 18. Rad1 Rf6 19. Nd5 Bxd5 20. Rxd5 h6 21. Qh5 Raf8 22. Qf3 Rg6 23. Rfd1 Qc7 24. Kh2 Rff6 25. b4 cxb4 26. Qb3 Qf7 27. Qxb4 Rxg2+ 28. Kxg2 f3+ 29. Kf1 Qg6 30. Qc3 Qg2+ 31. Ke1 Qg1+ 32. Kd2 Qxf2+ 33. Kc1 Qg2 34. Qd3 f2 35. Rf1 b6 36. a6 Rf3 37. Qe2 Ra3 38. Kb2 Qxh3 39. Rd3 1-0

[Event "RUS-ch Rapid"]
[Site "Sochi"]
[Date "2023.10.16"]
[Round "8"]
[White "Ponkratov, Pavel"]
[Black "Maneluk, Daniil"]
[Result "1-0"]
[WhiteElo "2595"]
[BlackElo "2314"]
[PlyCount "111"]
[EventDate "2023.10.15"]
[EventType "swiss (rapid)"]
[EventRounds "11"]
[EventCountry "RUS"]
[SourceTitle "Mega2024 Update 01"]
[Source "Chessbase"]
[SourceDate "2023.11.12"]
[SourceVersion "1"]
[SourceVersionDate "2023.11.12"]
[SourceQuality "1"]

1. e4 c6 2. d4 d5 3. e5 Bf5 4. Nd2 e6 5. Nb3 Nd7 6. Be2 h6 7. Nf3 a6 8. 0-0 c5 9. dxc5 Bxc5 10. Nxc5 Nxc5 11. Be3 Nd7 12. Nd4 Ne7 13. f4 0-0 14. a4 Rc8 15. c3 Nc5 16. a5 Bh7 17. Nb3 Nxb3 18. Qxb3 Qd7 19. Ra4 Rc7 20. Rd1 Rfc8 21. Bb6 Rc6 22. Bf3 Qe8 23. Rd2 Rc4 24. Rxc4 Rxc4 25. Rd4 Rxd4 26. Bxd4 Bd3 27. Qxb7 Nf5 28. Qb4 Nxd4 29. Qxd4 Qb5 30. Qb4 Qxb4 31. cxb4 Kf8 32. Kf2 Ke7 33. Ke3 Bb5 34. Kd4 g6 35. Bd1 Kd7 36. Kc5 h5 37. g3 Kc7 38. h4 Kd7 39. Bf3 Kc7 40. f5 Kd7 41. f6 Bf1 42. Bd1 Bb5 43. Bc2 Kd8 44. Kd6 Ke8 45. Kc7 Kf8 46. Bd1 Ke8 47. Kc8 Bd7+ 48. Kb7 Bb5 49. Kc7 Kf8 50. Kd8 Bc4 51. Ba4 d4 52. b5 axb5 53. Bd1 b4 54. Kc7 Ke8 55. Ba4+ Kf8 56. Kb6 1-0

[Event "RUS-ch Rapid"]
[Site "Sochi"]
[Date "2023.10.15"]
[Round "2"]
[White "Salemgareev, Tagir"]
[Black "Maneluk, Daniil"]
[Result "1-0"]
[WhiteElo "2453"]
[BlackElo "2314"]
[PlyCount "65"]
[EventDate "2023.10.15"]
[EventType "swiss (rapid)"]
[EventRounds "11"]
[EventCountry "RUS"]
[SourceTitle "Mega2024 Update 01"]
[Source "Chessbase"]
[SourceDate "2023.11.12"]
[SourceVersion "1"]
[SourceVersionDate "2023.11.12"]
[SourceQuality "1"]

1. e4 c6 2. Nf3 d5 3. exd5 cxd5 4. Ne5 a6 5. d4 Nd7 6. Bd3 Nxe5 7. dxe5 e6 8. 0-0 Bc5 9. Qg4 Kf8 10. Nd2 h5 11. Qf4 g5 12. Qg3 h4 13. Qg4 Nh6 14. Qh5 f5 15. exf6 Nf7 16. Qe2 Qxf6 17. Nb3 Bd6 18. c4 dxc4 19. Bxc4 b5 20. Bd3 Bb7 21. Be3 h3 22. g3 Bf3 23. Qd2 g4 24. Rfe1 Rh5 25. Bd4 e5 26. Bc5 Bc6 27. Bxd6+ Nxd6 28. Qb4 Qf3 29. Qxd6+ Kg8 30. Kf1 e4 31. Bxe4 Bxe4 32. Qe6+ Kg7 33. Qxe4 1-0

[Event "Rahachow Rogachev Memorial"]
[Site "Rahachow"]
[Date "2023.08.12"]
[Round "9"]
[White "Maneluk, Daniil"]
[Black "Gavrilov, Maxim"]
[Result "1/2-1/2"]
[WhiteElo "2322"]
[BlackElo "2208"]
[PlyCount "54"]
[EventDate "2023.08.08"]
[EventType "team-schev"]
[EventRounds "9"]
[EventCountry "BLR"]
[SourceTitle "CBM 215 Extra"]
[Source "ChessBase"]
[SourceDate "2023.09.30"]
[SourceVersion "1"]
[SourceVersionDate "2023.09.30"]
[SourceQuality "1"]
[WhiteTeam "Green"]
[BlackTeam "Green"]
[WhiteTeamCountry "BLR"]
[BlackTeamCountry "BLR"]

1. e4 c5 2. Nf3 d6 3. Bb5+ Bd7 4. a4 Nc6 5. 0-0 Nf6 6. Re1 a6 7. Bf1 g6 8. c3 Bg4 9. h3 Bxf3 10. Qxf3 Bg7 11. Na3 0-0 12. Qe3 Nd7 13. Rb1 Qa5 14. Nc4 Qc7 15. b4 cxb4 16. cxb4 Nd4 17. Bd3 b5 18. axb5 axb5 19. Na3 Qb7 20. Bb2 Ne5 21. Bf1 Nec6 22. Rec1 Ra4 23. Nxb5 Nxb5 24. Bxg7 Kxg7 25. Bxb5 Qxb5 26. Qc3+ Ne5 27. f4 Rb8 1/2-1/2

[Event "Rahachow Rogachev Memorial"]
[Site "Rahachow"]
[Date "2023.08.10"]
[Round "5"]
[White "Maneluk, Daniil"]
[Black "Egorov, Evgeni"]
[Result "0-1"]
[WhiteElo "2322"]
[BlackElo "2276"]
[PlyCount "74"]
[EventDate "2023.08.08"]
[EventType "team-schev"]
[EventRounds "9"]
[EventCountry "BLR"]
[SourceTitle "CBM 215 Extra"]
[Source "ChessBase"]
[SourceDate "2023.09.30"]
[SourceVersion "1"]
[SourceVersionDate "2023.09.30"]
[SourceQuality "1"]
[WhiteTeam "Green"]
[BlackTeam "Experts"]
[WhiteTeamCountry "BLR"]
[BlackTeamCountry "BLR"]

1. e4 g6 2. d4 Nf6 3. Nc3 d5 4. e5 Ne4 5. Nce2 f6 6. f3 Ng5 7. Bxg5 fxg5 8. Qd2 c5 9. Qxg5 Nc6 10. g4 Qa5+ 11. Kd1 cxd4 12. Nc1 Be6 13. Nge2 h6 14. Qxg6+ Bf7 15. Qf5 e6 16. Qf4 Bg7 17. Nxd4 Qb4 18. Bb5 Qxb2 19. Nxc6 Qxb5 20. Nd4 Qb2 21. Ncb3 Rc8 22. Re1 Rc4 23. Ke2 h5 24. Kf1 hxg4 25. Rab1 Qxa2 26. Ra1 Rxd4 27. Qxd4 Qxc2 28. Qa4+ Kf8 29. Rac1 Qd3+ 30. Kg1 Kg8 31. Nc5 Qd2 32. Qxg4 Rxh2 33. Nd3 Rh6 34. Nf4 Qh2+ 35. Kf1 Rh4 36. Rc8+ Kh7 37. Rc2 Qxf4 0-1

[Event "Rahachow Rogachev Memorial"]
[Site "Rahachow"]
[Date "2023.08.09"]
[Round "3"]
[White "Maneluk, Daniil"]
[Black "Novozhilov, Semen"]
[Result "1-0"]
[WhiteElo "2322"]
[BlackElo "2301"]
[PlyCount "103"]
[EventDate "2023.08.08"]
[EventType "team-schev"]
[EventRounds "9"]
[EventCountry "BLR"]
[SourceTitle "CBM 215 Extra"]
[Source "ChessBase"]
[SourceDate "2023.09.30"]
[SourceVersion "1"]
[SourceVersionDate "2023.09.30"]
[SourceQuality "1"]
[WhiteTeam "Green"]
[BlackTeam "Green"]
[WhiteTeamCountry "BLR"]
[BlackTeamCountry "BLR"]

1. e4 c5 2. Nf3 Nc6 3. Bb5 g6 4. 0-0 Bg7 5. c3 Nf6 6. Re1 0-0 7. h3 e5 8. d3 d6 9. Be3 h6 10. Nbd2 Bd7 11. a3 Nh5 12. Bxc6 Bxc6 13. d4 cxd4 14. cxd4 Nf4 15. d5 Bd7 16. Qb3 Qb8 17. a4 Rc8 18. a5 Qc7 19. Bxf4 exf4 20. Rec1 Qd8 21. Nc4 Be8 22. Qb4 Bf8 23. Rc2 Rc7 24. Rac1 Rac8 25. b3 Bg7 26. Ne1 Rd7 27. Qd2 g5 28. Nf3 Qf6 29. Re1 Rc5 30. b4 Rc8 31. e5 dxe5 32. Ncxe5 Rdd8 33. Rxc8 Rxc8 34. d6 Bb5 35. Qd5 a6 36. Nd4 Ba4 37. Qxb7 Re8 38. Ndf3 Bb5 39. d7 Rd8 40. Qc7 h5 41. Nd4 Rxd7 42. Nxd7 Qxd4 43. Ne5 Qd5 44. Qc5 Qb7 45. Nc4 Qd7 46. Nd6 Bd3 47. b5 f3 48. bxa6 Bxa6 49. Re3 Kh7 50. Qc2+ Kh6 51. Nf5+ Kg6 52. Ne7+ 1-0

[Event "Titled Tuesday intern op 25th Jul Early"]
[Site "Chess.com INT"]
[Date "2023.07.25"]
[Round "7"]
[White "Harsh, Suresh"]
[Black "Maneluk, Daniil"]
[Result "1/2-1/2"]
[WhiteElo "2324"]
[BlackElo "2322"]
[PlyCount "152"]
[EventDate "2023.07.25"]
[EventType "swiss (blitz)"]
[EventRounds "11"]
[EventCountry "USA"]
[SourceTitle "EXT 2024"]
[Source "ChessBase"]
[SourceDate "2023.10.10"]
[SourceVersion "1"]
[SourceVersionDate "2023.10.10"]
[SourceQuality "1"]

1. e4 c6 2. Nf3 d5 3. Nc3 dxe4 4. Nxe4 Nf6 5. Qe2 Nxe4 6. Qxe4 Qd5 7. Qh4 Qe6+ 8. Be2 Qg4 9. Qg3 Qxg3 10. hxg3 Nd7 11. d4 Nf6 12. Bd3 h6 13. a4 Be6 14. a5 0-0-0 15. c3 Nd5 16. Ne5 f6 17. Ng6 Rg8 18. Bd2 Bf7 19. 0-0 e6 20. Nxf8 Rgxf8 21. Rfe1 h5 22. f3 g5 23. Kf2 a6 24. c4 Nc7 25. Bc3 Kb8 26. Bc2 Rd7 27. Re2 Rfd8 28. d5 e5 29. dxc6 bxc6 30. b3 Ne6 31. Bf5 Rd1 32. Rxd1 Rxd1 33. Be4 Kc7 34. Bc2 Rd8 35. Rd2 Nd4 36. Bd1 c5 37. Ke1 Bg6 38. Rb2 Rb8 39. b4 Bd3 40. bxc5 Rxb2 41. Bxb2 Bxc4 42. Ba4 h4 43. gxh4 gxh4 44. Kf2 Bd5 45. f4 Bc6 46. fxe5 fxe5 47. Bd1 Be4 48. Ba4 Bc6 49. Bd1 Bd5 50. Ba4 Kb7 51. Bc3 Kc7 52. Bb2 Be6 53. Bc3 Bd7 54. Bd1 Kc6 55. Ba4+ Kc7 56. Bd1 Bb5 57. Ke3 Bc6 58. Kf2 Kd7 59. Bb2 Ke6 60. Bxd4 exd4 61. Be2 Bb7 62. Bc4+ Ke5 63. Be2 Bc8 64. Bf3 h3 65. gxh3 Bxh3 66. Ke2 Bf5 67. Bb7 Be6 68. Kd3 Bf5+ 69. Kc4 Be6+ 70. Kb4 d3 71. Kc3 Bf5 72. Bxa6 Kd5 73. Bxd3 Bxd3 74. c6 Kxc6 75. Kxd3 Kb5 76. a6 Kxa6 1/2-1/2

[Event "Titled Tuesday intern op 25th Jul Early"]
[Site "Chess.com INT"]
[Date "2023.07.25"]
[Round "1"]
[White "Maneluk, Daniil"]
[Black "Papp, Bence"]
[Result "1-0"]
[WhiteElo "2322"]
[BlackElo "2276"]
[PlyCount "67"]
[EventDate "2023.07.25"]
[EventType "swiss (blitz)"]
[EventRounds "11"]
[EventCountry "USA"]
[SourceTitle "EXT 2024"]
[Source "ChessBase"]
[SourceDate "2023.10.10"]
[SourceVersion "1"]
[SourceVersionDate "2023.10.10"]
[SourceQuality "1"]

1. e4 c5 2. Nf3 d6 3. d4 cxd4 4. Nxd4 Nf6 5. Nc3 g6 6. f3 Bg7 7. Be3 Nc6 8. Qd2 0-0 9. 0-0-0 d5 10. exd5 Nxd5 11. Nxc6 bxc6 12. Bd4 e5 13. Bc5 Be6 14. Ne4 Re8 15. h4 h5 16. g4 Nf4 17. Qe1 Qc7 18. gxh5 Nxh5 19. Rg1 Bd5 20. c4 Be6 21. Qc3 Nf4 22. Bd6 Qb6 23. c5 Qb7 24. Bxe5 Nd5 25. Rxd5 Bxd5 26. Bxg7 Bxe4 27. fxe4 Qc7 28. Bh8 Qf4+ 29. Kb1 Qh6 30. Bf6 Rxe4 31. Bd3 Re3 32. Qc4 Kf8 33. Bg5 Rxd3 34. Bxh6+ 1-0

[Event "Titled Tuesday intern op 11th Jul Late"]
[Site "Chess.com INT"]
[Date "2023.07.11"]
[Round "4"]
[White "Maneluk, Daniil"]
[Black "Baches Garcia, Guillermo"]
[Result "1-0"]
[WhiteElo "2322"]
[BlackElo "2327"]
[PlyCount "89"]
[EventDate "2023.07.11"]
[EventType "swiss (blitz)"]
[EventRounds "11"]
[EventCountry "USA"]
[SourceTitle "EXT 2024"]
[Source "ChessBase"]
[SourceDate "2023.10.10"]
[SourceVersion "1"]
[SourceVersionDate "2023.10.10"]
[SourceQuality "1"]

1. e4 d5 2. exd5 Qxd5 3. Nc3 Qa5 4. d4 Nf6 5. Nf3 Bf5 6. Bc4 e6 7. 0-0 Nc6 8. Be3 0-0-0 9. a3 Bg4 10. Nb5 Nd5 11. Bxd5 exd5 12. Nc3 Ne7 13. b4 Qb6 14. h3 Bh5 15. Na4 Qd6 16. Nc5 Nf5 17. Bc1 Nh4 18. g4 Nxf3+ 19. Qxf3 Bg6 20. Bf4 Qc6 21. b5 Qb6 22. Qc3 Bd6 23. Be3 Bxc5 24. dxc5 Qxb5 25. Rfb1 Qc6 26. Qxg7 d4 27. Bxd4 Bxc2 28. Rb2 Be4 29. Qf6 Rhe8 30. Qxc6 Bxc6 31. Be3 Rd3 32. Kh2 Red8 33. Kg3 Rd1 34. Rxd1 Rxd1 35. Rb4 Kd7 36. Rf4 Ke6 37. g5 Rd5 38. Kh4 Rf5 39. Rb4 Bg2 40. Kg4 Bf3+ 41. Kg3 Bc6 42. h4 Rf3+ 43. Kg4 Rf5 44. h5 Bf3+ 45. Kh4 1-0

[Event "Voronezh op"]
[Site "Voronezh"]
[Date "2023.06.23"]
[Round "8"]
[White "Maneluk, Daniil"]
[Black "Obgolts, Erik"]
[Result "0-1"]
[WhiteElo "2302"]
[BlackElo "2436"]
[PlyCount "220"]
[EventDate "2023.06.16"]
[EventType "swiss"]
[EventRounds "9"]
[EventCountry "RUS"]
[SourceTitle "CBM 214 Extra"]
[Source "ChessBase"]
[SourceDate "2023.07.31"]
[SourceVersion "1"]
[SourceVersionDate "2023.07.31"]
[SourceQuality "1"]

1. e4 e5 2. Nf3 Nc6 3. Nc3 Nf6 4. a3 d5 5. exd5 Nxd5 6. Bb5 Nxc3 7. bxc3 Bd6 8. d4 exd4 9. cxd4 0-0 10. 0-0 Bg4 11. c3 Qf6 12. Be2 h6 13. Nd2 Bxe2 14. Qxe2 Rfe8 15. Qg4 b6 16. Nc4 Ne7 17. a4 Qf5 18. Qxf5 Nxf5 19. a5 b5 20. Nxd6 Nxd6 21. Bf4 a6 22. Rfe1 f6 23. f3 Kf7 24. Kf2 Rac8 25. g4 Nc4 26. d5 Rxe1 27. Rxe1 c6 28. Re6 Nxa5 29. Rd6 cxd5 30. Rxa6 Nb3 31. Rd6 Rxc3 32. Rxd5 b4 33. Be3 Rc2+ 34. Ke1 Rxh2 35. Rb5 Na1 36. Bf2 b3 37. Kf1 h5 38. gxh5 Rh1+ 39. Ke2 Rb1 40. Bd4 Nc2 41. Bc3 Na3 42. Rb7+ Ke6 43. Kd3 Rd1+ 44. Ke2 Rd5 45. Rxb3 Nb5 46. Bb2 Rxh5 47. Kf2 Rd5 48. Kg3 Kf5 49. Rb4 Nc7 50. Rf4+ Kg6 51. Re4 Kf7 52. Bc1 Ne6 53. Re1 Rd3 54. Be3 Kg6 55. Kf2 Kf5 56. Ra1 Rd5 57. Ra4 Rb5 58. Ra2 g5 59. Ke2 Ke5 60. Ra4 Rb2+ 61. Kd3 Rb3+ 62. Ke2 Kf5 63. Ra5+ Kg6 64. Ra6 Ng7 65. Bd4 Nh5 66. Kf2 Rd3 67. Ba1 Rd2+ 68. Ke3 Rg2 69. Bc3 Rc2 70. Kd3 Rh2 71. Ke3 Rh1 72. Kf2 Rc1 73. Ba1 Rc5 74. Bd4 Rc2+ 75. Ke3 Rc4 76. Rb6 Ra4 77. Bb2 Ra5 78. Kf2 Rf5 79. Ke3 Nf4 80. Rb3 Rc5 81. Bd4 Rc1 82. Kf2 Rc2+ 83. Kf1 Rc1+ 84. Kf2 Rc4 85. Be3 Nd5 86. Bd2 Rc2 87. Ke1 Ne7 88. Kd1 Ra2 89. Rb6 Nf5 90. Ke2 Ra3 91. Rb4 Nh4 92. Bc1 Ra1 93. Bb2 Ra6 94. Kf2 Rd6 95. Bc1 Rd1 96. Be3 Ra1 97. f4 Ra2+ 98. Kf1 Nf5 99. Bc5 g4 100. Rb6 Ra4 101. Rb4 Rxb4 102. Bxb4 Ng3+ 103. Kf2 Ne4+ 104. Ke3 Kf5 105. Be1 Nc5 106. Bh4 Ne6 107. Bg3 Ng7 108. Be1 Nh5 109. Ba5 Nxf4 110. Kf2 Ke4 0-1

[Event "Titled Tuesday intern op 11th Apr Late"]
[Site "Chess.com INT"]
[Date "2023.04.11"]
[Round "5"]
[White "Deac, Bogdan Daniel"]
[Black "Maneluk, Daniil"]
[Result "1-0"]
[WhiteElo "2700"]
[BlackElo "2307"]
[PlyCount "153"]
[EventDate "2023.04.11"]
[EventType "swiss (blitz)"]
[EventRounds "11"]
[EventCountry "USA"]
[SourceTitle "CBM 213 Extra"]
[Source "ChessBase"]
[SourceDate "2023.05.31"]
[SourceVersion "1"]
[SourceVersionDate "2023.05.31"]
[SourceQuality "1"]

1. b3 c5 2. Bb2 d6 3. e3 e5 4. c4 g6 5. Nc3 Bg7 6. g3 Ne7 7. Bg2 0-0 8. Nge2 Nbc6 9. 0-0 Be6 10. Nd5 Bxd5 11. cxd5 Nb4 12. e4 f5 13. d3 f4 14. Bh3 g5 15. Nc3 Qe8 16. Bg4 Qg6 17. Nb5 Na6 18. Be6+ Kh8 19. Nxd6 Nc7 20. Nf5 Nxe6 21. Nxe7 Qf7 22. Nf5 Nd4 23. Bxd4 exd4 24. gxf4 gxf4 25. Qg4 Be5 26. Kh1 Qf6 27. Rg1 b5 28. Rac1 Rac8 29. Qh3 a5 30. Rg4 Rg8 31. Rcg1 Rxg4 32. Qxg4 Rf8 33. Qf3 a4 34. bxa4 c4 35. axb5 c3 36. a4 Ra8 37. Qd1 f3 38. Qxf3 Rxa4 39. Qg4 Ra8 40. b6 Rb8 41. b7 c2 42. Qe2 Qf7 43. Qxc2 Qh5 44. f4 Bxf4 45. Qg2 Be5 46. Ng3 Qh6 47. Rf1 Rxb7 48. Nf5 Qg6 49. Qxg6 hxg6 50. Nh4 Kg7 51. Nf3 Bb8 52. Nxd4 Rb2 53. Ne6+ Kh6 54. d4 Rxh2+ 55. Kg1 Rd2 56. Rf8 Bh2+ 57. Kh1 Kh5 58. Rh8+ Kg4 59. Rxh2 Rd1+ 60. Kg2 Rd2+ 61. Kg1 Rd1+ 62. Kf2 Rd2+ 63. Ke3 Rxh2 64. d6 Rh3+ 65. Kd2 Kf3 66. Ng5+ Kf4 67. Nxh3+ Kxe4 68. d7 Kxd4 69. d8Q+ Ke4 70. Qg5 Kf3 71. Nf4 Kf2 72. Nxg6 Kf1 73. Qf4+ Kg2 74. Ke2 Kh1 75. Qg5 Kh2 76. Kf2 Kh3 77. Qh4# 1-0

[Event "Titled Tuesday intern op 11th Apr Late"]
[Site "Chess.com INT"]
[Date "2023.04.11"]
[Round "10"]
[White "Goltsev, Dmitry"]
[Black "Maneluk, Daniil"]
[Result "0-1"]
[WhiteElo "2216"]
[BlackElo "2307"]
[PlyCount "100"]
[EventDate "2023.04.11"]
[EventType "swiss (blitz)"]
[EventRounds "11"]
[EventCountry "USA"]
[SourceTitle "CBM 213 Extra"]
[Source "ChessBase"]
[SourceDate "2023.05.31"]
[SourceVersion "1"]
[SourceVersionDate "2023.05.31"]
[SourceQuality "1"]

1. e4 e6 2. d4 d5 3. exd5 exd5 4. Nf3 c6 5. c4 Bb4+ 6. Nc3 Ne7 7. Bd3 0-0 8. 0-0 Nd7 9. Bg5 f6 10. Bh4 Bd6 11. Re1 Bc7 12. Rc1 Nb6 13. c5 Nd7 14. Bg3 Bxg3 15. hxg3 Ng6 16. Qc2 Kf7 17. Re2 Re8 18. Rce1 Rxe2 19. Nxe2 Ndf8 20. b4 Bg4 21. Nc3 Qd7 22. b5 Ne6 23. Bf5 Bxf5 24. Qxf5 Nxc5 25. Qh5 Ne6 26. Qf5 Nef8 27. Qh5 Re8 28. Rb1 Ne6 29. a4 a6 30. bxa6 bxa6 31. Qf5 Nc5 32. Qxd7+ Nxd7 33. Rb7 Ke6 34. Ra7 Kd6 35. Rxa6 Rb8 36. a5 Ne7 37. Ne1 Rb3 38. Na4 Ra3 39. Nb2 Nf5 40. Nf3 Ra2 41. Nd3 Ra4 42. Nf4 Nxd4 43. Nxd4 Rxd4 44. Ra8 Ra4 45. a6 c5 46. a7 c4 47. Ne2 Nb6 48. Rd8+ Kc5 49. Rg8 Rxa7 50. Nf4 d4 0-1

[Event "Titled Tuesday intern op 11th Apr Late"]
[Site "Chess.com INT"]
[Date "2023.04.11"]
[Round "11"]
[White "Maneluk, Daniil"]
[Black "Duda, Jan Krzysztof"]
[Result "0-1"]
[WhiteElo "2307"]
[BlackElo "2724"]
[PlyCount "216"]
[EventDate "2023.04.11"]
[EventType "swiss (blitz)"]
[EventRounds "11"]
[EventCountry "USA"]
[SourceTitle "CBM 213 Extra"]
[Source "ChessBase"]
[SourceDate "2023.05.31"]
[SourceVersion "1"]
[SourceVersionDate "2023.05.31"]
[SourceQuality "1"]

1. e4 c5 2. Nf3 d6 3. d4 cxd4 4. Nxd4 Nf6 5. Nc3 a6 6. f3 e5 7. Nb3 Be7 8. Be3 Be6 9. Qd2 h5 10. Be2 Nbd7 11. Nd5 Nxd5 12. exd5 Bf5 13. Na5 Qc7 14. c4 Bh4+ 15. g3 Bf6 16. 0-0 h4 17. g4 Bg6 18. Rac1 b6 19. Nc6 Nb8 20. Nb4 a5 21. Nd3 Nd7 22. f4 Bxd3 23. Bxd3 exf4 24. Bxf4 Be5 25. Be3 h3 26. Qf2 Nc5 27. Bc2 Bxb2 28. Rce1 Be5 29. Bd4 f6 30. Bg6+ Ke7 31. g5 Raf8 32. Bxe5 fxe5 33. Qc2 Qd7 34. Bf5 Qa4 35. Qb2 Qxc4 36. Rxe5+ Kf7 37. Be6+ Kg6 38. Qb1+ Qd3 39. Qxd3+ Nxd3 40. Bf5+ Kh5 41. Re3 Ne5 42. Rxh3+ Kxg5 43. Rg3+ Kh6 44. Rh3+ Kg5 45. Rg3+ Kf6 46. Be6+ Ke7 47. Rxg7+ Ke8 48. Rxf8+ Rxf8 49. Rb7 Rf4 50. Rxb6 Ke7 51. Rb7+ Kf6 52. Rb6 Nc4 53. Rc6 Ne3 54. h4 Ke5 55. Rc8 Rxh4 56. Rg8 Nxd5 57. Bxd5 Kxd5 58. Rg5+ Ke4 59. Rxa5 d5 60. Kf2 Rh2+ 61. Ke1 Ke3 62. Ra3+ Ke4 63. Rb3 Rxa2 64. Kd1 d4 65. Rh3 Rf2 66. Ke1 Rc2 67. Kd1 Ra2 68. Rg3 Kd5 69. Rh3 Kc4 70. Rg3 Ra1+ 71. Kd2 Ra8 72. Kd1 Rf8 73. Rh3 Rf2 74. Rg3 Rf4 75. Rh3 Rg4 76. Rf3 Kd5 77. Ra3 Ke4 78. Rb3 Rf4 79. Ra3 Rf2 80. Ke1 Rc2 81. Kd1 Rb2 82. Rh3 Rb6 83. Rh4+ Kd3 84. Rh3+ Kc4 85. Rg3 Rb2 86. Rh3 Rf2 87. Rg3 Rh2 88. Rf3 Rh4 89. Rg3 Rf4 90. Rh3 Re4 91. Rg3 Re5 92. Rh3 Kb4 93. Rg3 Rc5 94. Rh3 Rc3 95. Rh4 Kc4 96. Rg4 Ra3 97. Rh4 Ra1+ 98. Kd2 Ra2+ 99. Kd1 Kc3 100. Rh8 Ra1+ 101. Ke2 d3+ 102. Ke3 Re1+ 103. Kf2 d2 104. Rc8+ Kb4 105. Rb8+ Ka5 106. Ra8+ Kb6 107. Rb8+ Kc7 108. Rb2 d1Q 0-1

[Event "Titled Tuesday intern op 11th Apr Late"]
[Site "Chess.com INT"]
[Date "2023.04.11"]
[Round "3"]
[White "Maneluk, Daniil"]
[Black "Rustemov, Alexander"]
[Result "1-0"]
[WhiteElo "2307"]
[BlackElo "2525"]
[PlyCount "139"]
[EventDate "2023.04.11"]
[EventType "swiss (blitz)"]
[EventRounds "11"]
[EventCountry "USA"]
[SourceTitle "CBM 213 Extra"]
[Source "ChessBase"]
[SourceDate "2023.05.31"]
[SourceVersion "1"]
[SourceVersionDate "2023.05.31"]
[SourceQuality "1"]

1. e4 e6 2. d4 d5 3. Nd2 dxe4 4. Nxe4 Bd7 5. Nf3 Bc6 6. Bd3 Nd7 7. 0-0 Ngf6 8. Qe2 Nxe4 9. Bxe4 Bxe4 10. Qxe4 c6 11. c4 Be7 12. b3 0-0 13. Bb2 Re8 14. Rad1 Qa5 15. Qc2 Rad8 16. a3 Nf8 17. Bc3 Qh5 18. b4 Ng6 19. Qe4 Bf6 20. Rd3 Re7 21. g4 Qh3 22. g5 Bxg5 23. Nxg5 Qh5 24. Bd2 Red7 25. Rh3 Rxd4 26. Qxd4 Rxd4 27. Rxh5 Rxd2 28. Nf3 Rd3 29. Ne5 Rxa3 30. Nxg6 hxg6 31. Re5 Kf8 32. Rd1 Ke7 33. Ra5 Rb3 34. b5 Kf6 35. Rxa7 cxb5 36. Rxb7 b4 37. Rc1 Rb2 38. c5 b3 39. Rb5 Rc2 40. Rb1 Ke5 41. R1xb3 Kd5 42. Rd3+ Kc6 43. Ra5 f5 44. Rd6+ Kc7 45. Rxe6 g5 46. Rg6 g4 47. Rxg7+ Kc6 48. Rg6+ Kd5 49. c6+ Ke4 50. Re6+ Kf3 51. Re3+ Kf4 52. Ree5 Rxc6 53. Rxf5+ Ke4 54. Rae5+ Kd4 55. Re3 Rg6 56. Kg2 Rg8 57. Kg3 Rg7 58. Rf4+ Kd5 59. Rxg4 Rh7 60. h4 Rh8 61. Rg5+ Kd4 62. h5 Rh7 63. Kg4 Rh8 64. Rg6 Rh7 65. h6 Rh8 66. Kg5 Rh7 67. Rg7 Rh8 68. h7 Kd5 69. Kg6 Kd4 70. Rg8 1-0